Institutional credit to Indian agriculture : Defaults and policy options (Record no. 44014)

MARC details
000 -LEADER
fixed length control field 00340nam a2200121Ia 4500
082 ## - DEWEY DECIMAL CLASSIFICATION NUMBER
Classification number 338.43.01
Item number NAB.23
100 ## - MAIN ENTRY--AUTHOR NAME
Personal name Bathla, Seema
245 #0 - TITLE STATEMENT
Title Institutional credit to Indian agriculture : Defaults and policy options
260 ## - PUBLICATION, DISTRIBUTION, ETC. (IMPRINT)
Name of publisher NABARD
Year of publication 2002
700 ## - ADDED ENTRY--PERSONAL NAME
Personal name Gulati, Ashok
942 ## - ADDED ENTRY ELEMENTS (KOHA)
Koha item type Books
Holdings
Withdrawn status Lost status Damaged status Not for loan Home library Current library Date acquired Source of acquisition Full call number Accession Number Koha item type
        RRII Library RRII Library 16/12/2021 Gift 338.43.01 NAB.23 G00762 Books